Giao tiếp tiếng Anh căn bản về ngoại thương xuất nhập khẩu = Basic English for foreign and trade and import - Export
Thông qua cuốn sách bạn đọc có thể nắm bắt và áp dụng được những mẫu câu sao cho phù hợp với những tình huống giao tiếp tiếng Anh trong thực tiễn nhằm diễn đạt những ý định mình muốn trao đổi và thu hút được kết quả cao nhất....
保存先:
| 第一著者: | |
|---|---|
| フォーマット: | 図書 |
| 言語: | Undetermined |
| 出版事項: |
Thành phố Hồ Chí Minh
Thanh Niên
2005
|
| 主題: | |
| タグ: |
タグ追加
タグなし, このレコードへの初めてのタグを付けませんか!
|
| Thư viện lưu trữ: | Trung tâm Học liệu Trường Đại học Cần Thơ |
|---|
| LEADER | 01132nam a2200229Ia 4500 | ||
|---|---|---|---|
| 001 | CTU_112565 | ||
| 008 | 210402s9999 xx 000 0 und d | ||
| 020 | |c 41000 | ||
| 082 | |a 428.24 | ||
| 082 | |b K310 | ||
| 100 | |a Kim Quang | ||
| 245 | 0 | |a Giao tiếp tiếng Anh căn bản về ngoại thương xuất nhập khẩu = | |
| 245 | 0 | |b Basic English for foreign and trade and import - Export | |
| 245 | 0 | |c Kim Quang | |
| 260 | |a Thành phố Hồ Chí Minh | ||
| 260 | |b Thanh Niên | ||
| 260 | |c 2005 | ||
| 520 | |a Thông qua cuốn sách bạn đọc có thể nắm bắt và áp dụng được những mẫu câu sao cho phù hợp với những tình huống giao tiếp tiếng Anh trong thực tiễn nhằm diễn đạt những ý định mình muốn trao đổi và thu hút được kết quả cao nhất. | ||
| 650 | |a English language,English language,English language | ||
| 650 | |x Spoken English,Business English,Conversation and phrase books | ||
| 904 | |i Minh | ||
| 980 | |a Trung tâm Học liệu Trường Đại học Cần Thơ | ||